The Theory and Practice of Change Management (Record no. 352119)
[ view plain ]
| 000 -LEADER | |
|---|---|
| fixed length control field | 00552nam a22001937a 4500 |
| 003 - CONTROL NUMBER IDENTIFIER | |
| control field | OSt |
| 005 - DATE AND TIME OF LATEST TRANSACTION | |
| control field | 20180116183108.0 |
| 008 - FIXED-LENGTH DATA ELEMENTS--GENERAL INFORMATION | |
| fixed length control field | 171031b xxu||||| |||| 00| 0 eng d |
| 020 ## - INTERNATIONAL STANDARD BOOK NUMBER | |
| International Standard Book Number | 9781137275349 |
| 040 ## - CATALOGING SOURCE | |
| Transcribing agency | 0 |
| 082 ## - DEWEY DECIMAL CLASSIFICATION NUMBER | |
| Classification number | 658.406 HAY 2014 |
| 100 ## - MAIN ENTRY--PERSONAL NAME | |
| Personal name | John Hayes |
| 245 ## - TITLE STATEMENT | |
| Title | The Theory and Practice of Change Management |
| Statement of responsibility, etc. | John Hayes |
| 250 ## - EDITION STATEMENT | |
| Edition statement | 4th Ed. |
| 260 ## - PUBLICATION, DISTRIBUTION, ETC. | |
| Place of publication, distribution, etc. | Great Britain |
| Name of publisher, distributor, etc. | Palgrave Macmillan |
| Date of publication, distribution, etc. | 2014 |
| 300 ## - PHYSICAL DESCRIPTION | |
| Extent | 521p. |
| Other physical details | pb. |
| 440 ## - SERIES STATEMENT/ADDED ENTRY--TITLE | |
| Title | The Theory and Practice of Change Management |
| 942 ## - ADDED ENTRY ELEMENTS (KOHA) | |
| Source of classification or shelving scheme | |
| Koha item type | Book |
| Call number prefix | 658.406 HAY 2014 |
| Withdrawn status | Lost status | Source of classification or shelving scheme | Damaged status | Not for loan | Collection code | Permanent Location | Current Location | Shelving location | Date acquired | Total Checkouts | Total Renewals | Full call number | Barcode | Date last seen | Date last checked out | Price effective from | Koha item type |
|---|---|---|---|---|---|---|---|---|---|---|---|---|---|---|---|---|---|
| Central Library (CL) | Central Library (CL) | Reference | 10/31/2017 | 5 | 6 | 658.406 HAY 2014 | NBS10362 | 07/10/2023 | 09/15/2022 | 10/31/2017 | Book |
